000 00730nas a2200241 4500
001 BR7302218
003 BR-BrBNA
005 20231205082423.0
007 ta
008 230509b bl.|||p| |||| 00| 00por d
040 _aBR-BrBNA
_bpor
_cBiblioteca Nacional de Agricultura
041 _a(Pt)
072 _aF60
100 1 _aFelippe, G.M.
100 1 _aAmabis, J.M.
100 1 _aBoschini Filho, J.
100 1 _aRossi, C.L.B.
245 1 _aEffects of kown quantities of CCC on several plants [Cloreto de 2-Cloroetiltrimetilamonio]
650 _aFISIOLOGIA VEGETAL
773 0 _tHoehnea (Brazil)
_xISSN 0073-0912
_g(Jul 1971), v. 1 p. 107-113
_wBR7302218
909 _a202311
_bLúcia
_c55
_dLúcia Elande
942 _2AGRIS
_n0
_cANA
999 _c91652
_d91652